000 00392pab a2200145 454500
008 180718b2015 xxu||||| |||| 00| 0 eng d
100 _aLiu, Nicole Ning et al
245 _aCampaign- style enforcement and regulatory compliance
260 _c2015
300 _ap.85-95.
362 _aJan-Feb
650 _aEnergy conservation
773 _aPublic Administration Review
909 _a108334
999 _c108329
_d108329